000 00683nam a2200205 a 4500
001 000012393
005 20240412074231.0
008 091112s1997 dr 001 j spa d
040 _aDO-SdBNP
_bspa
_cBNPHU
082 _aRD863.44
_bG216s
100 1 _aGarcía Romero, Rafael,
_d1957-
_91671
245 1 3 _aLa sórdida telaraña de la mansedumbre /
_cRafael García Romero.
260 _aSanto Domingo :
_bTaller,
_c1997.
300 _a248 p. ;
_c21 cm.
500 _aIncluye datos biográficos del autor en las solapas
590 _aInventariado, 2020/BT
650 0 _aCuentos dominicanos
_9176
650 0 _aLiteratura dominicana.
_967
910 _aValidado. Control de calidad MFF
999 _c12050
_d12050